Central Library and Information Centre
Sibsagar Girls' College, Sivasagar : Assam

WESTRN POLITICAL THOUGHT (Record no. 9169)

MARC details
000 -LEADER
fixed length control field 00410cam a2200169ua 4500
008 - FIXED-LENGTH DATA ELEMENTS--GENERAL INFORMATION
fixed length control field 160505n1998 II |||gr||||Z||||||eng
040 ## - CATALOGING SOURCE
Original cataloging agency MAIN
041 ## - LANGUAGE CODE
-- English
082 ## - DEWEY DECIMAL CLASSIFICATION NUMBER
Classification number 320.153421821 GUP
100 ## - MAIN ENTRY--PERSONAL NAME
Personal name GUPTA, R. C.,
Relator term AUT.
245 ## - TITLE STATEMENT
Title WESTRN POLITICAL THOUGHT
250 ## - EDITION STATEMENT
Edition statement 1ST.
260 ## - PUBLICATION, DISTRIBUTION, ETC.
Place of publication, distribution, etc. AGRA
Name of publisher, distributor, etc. LAXMI NARAYAN AGARWAL EDUCATIONAL PUBLISHER
Date of publication, distribution, etc. 1998
300 ## - PHYSICAL DESCRIPTION
Extent 251.
942 ## - ADDED ENTRY ELEMENTS (KOHA)
Koha item type Books
Holdings
Withdrawn status Lost status Damaged status Not for loan Collection code Home library Current library Shelving location Date acquired Full call number Barcode Date last seen Copy number Price effective from Koha item type Public note
        TBPSC Central Library and Information Centre Sibsagar Girls College Central Library and Information Centre Sibsagar Girls College POLITICAL SC BOOK RACK 21.07.2000 320.153421821 GUP 16126 27.02.2020 1 27.02.2020 Books V


Sibsagar Girl's College © 2020. All rights reserved.
Powered by Koha.
Maintained by Abhijit Borpuzari.